Pacesetter; Starter ( Teacher's book )

Spremljeno u:
Bibliografski detalji
Glavni autor: Liz Austin
Format: Knjiga
Jezik:Undetermined
Izdano: Oxford Oxford Univ. Press 2000
Teme:
Oznake: Dodaj oznaku
Bez oznaka, Budi prvi tko označuje ovaj zapis!
Thư viện lưu trữ: Trung tâm Học liệu Trường Đại học Cần Thơ
LEADER 00566nam a2200193Ia 4500
001 CTU_42350
008 210402s9999 xx 000 0 und d
020 |b 145.000đ 
082 |a 428.24 
082 |b P115st 
100 |a Liz Austin 
245 0 |a Pacesetter; Starter ( Teacher's book ) 
245 0 |c Liz Austin, Derek Strange, Diane Hall 
260 |a Oxford 
260 |b Oxford Univ. Press 
260 |c 2000 
650 |a english language - textbooks for foreign speakers 
904 |i Minh, 010720 
980 |a Trung tâm Học liệu Trường Đại học Cần Thơ